| 000 | 00587nam a2200169 i 4500 | ||
|---|---|---|---|
| 001 | 74156 | ||
| 003 | ES-MaACL | ||
| 005 | 20230906172033.0 | ||
| 007 | t| | ||
| 008 | 040915s1982 sp ||||1| spa d | ||
| 100 | 1 |
_aGonzález Alonso, F. _958411 |
|
| 245 | 1 | 4 |
_aLos satélites de recurso naturales y sus aplicaciones en el campo forestal / _cF. González Alonso, J.M. Cuevas Gozalo. |
| 260 |
_aMadrid : _bInstituto Nacional de Investigaciones Agrarias, _c1982. |
||
| 300 |
_a46 p. ; _c24 cm. |
||
| 700 | 1 |
_aCuevas Gozalo, José Miguel. _942109 |
|
| 852 |
_aES-MaACL _j2119-F-23 _bR.104698 |
||
| 999 |
_c74156 _d74156 |
||